Statistics for Olympian Gods Scramble

Click here to take the quiz!

General Stats

  • This quiz has been taken 282 times
  • The average score is 17 of 24

Answer Stats

Scrambled Begins with Answer % Correct
arsmMMars
99%
sraeAAres
91%
ploloaAApollo
91%
hmeersHHermes
91%
suzeZZeus
84%
deashHHades
83%
louptPPluto
78%
nsydoiusDDionysus
76%
rreucmyMMercury
75%
uojnJJuno
75%
erhaHHera
74%
eahtnaAAthena
72%
ejruiptJJupiter
71%
edoposniPPoseidon
70%
indaaDDiana
70%
rieamnvMMinerva
69%
ceesrCCeres
64%
nuvseVVenus
63%
phdoaetirAAphrodite
62%
utpneenNNeptune
61%
tephusaeshHHephaestus
59%
cbsauchBBacchus
57%
eetdremDDemeter
54%
ermsiatAArtemis
53%

Score Distribution

Percentile by Number Answered

Percent of People with Each Score

Your Score History

You have not taken this quiz